| 000 | 00506nam a22001697a 4500 | ||
|---|---|---|---|
| 005 | 20251108165836.0 | ||
| 008 | 250721s1992 xx 000 0 ara d | ||
| 082 | 1 | 4 | _aط/925/طوس |
| 100 | 1 | _aأبو دنيا، محمد حسن | |
| 245 | 1 | 0 | _aالطوسي / |
| 264 | 1 |
_aالقاهرة : _bدار الكتاب المصري، _c1992. |
|
| 300 | _a16ص | ||
| 490 | 0 | _aنوابغ المسلمين في العلم و المعرفة ؛ 8 | |
| 650 | 1 | 7 | _aالتراجم |
| 942 |
_2ddc _cBK |
||
| 999 |
_c32700 _d32700 |
||